Normal view
MARC view
- Judson:thomas
Entry Personal Name
001 - CONTROL NUMBER
- control field: 1013
003 - CONTROL NUMBER IDENTIFIER
- control field: JO-AjAnu
005 - DATE AND TIME OF LATEST TRANSACTION
- control field: 20230606070453.0
008 - FIXED-LENGTH DATA ELEMENTS
- fixed length control field: 230606|| aca||aabn | a|a d
040 ## - CATALOGING SOURCE
- Original cataloging agency: JO-AjAnu
- Transcribing agency: JO-AjAnu
100 ## - HEADING--PERSONAL NAME
- Personal name: Judson:thomas
670 ## - SOURCE DATA FOUND
- Source citation: Work cat.: (JO-AjAnu)532: Judson:thomas, author, Abstract algebra : theory and applications